Balanza de pagos de Centroamérica en 1975; Memorandum n. 9-76
Presenta las principales características de la balanza de pagos, analizando el comportamiento de las exportaciones, las importaciones y los servicios en América Central. Examina el comercio intrarregional de exportación e importación dentro del mercado común, así como el comercio con el resto del mu...
Gorde:
| Erakunde egilea: | |
|---|---|
| Formatua: | Texto |
| Argitaratua: |
San José:
CMC
|
| Gaiak: | |
| Etiketak: |
Etiketa erantsi
Etiketarik gabe, Izan zaitez lehena erregistro honi etiketa jartzen!
|
MARC
| LEADER | 00000 a a2200000 04500 | ||
|---|---|---|---|
| 001 | 19538 | ||
| 003 | |||
| 040 | |||
| 090 | |a 077400 | ||
| 110 | |a Consejo Monetario Centroamericano. Secretaría Ejecutiva | ||
| 245 | |a Balanza de pagos de Centroamérica en 1975; Memorandum n. 9-76 | ||
| 260 | |a San José: |b CMC | ||
| 300 | |a 147 p | ||
| 520 | |a Presenta las principales características de la balanza de pagos, analizando el comportamiento de las exportaciones, las importaciones y los servicios en América Central. Examina el comercio intrarregional de exportación e importación dentro del mercado común, así como el comercio con el resto del mundo. ALLV | ||
| 650 | |a BALANZA DE PAGOS | ||
| 650 | |a BALANZA COMERCIAL | ||
| 650 | |a MCCA | ||
| 999 | |c 1266 |d 1266 | ||
